[Event "ODJM B 2016"]
[Site "Willingen GER"]
[Date "2016.05.21"]
[Round "9"]
[White "Hamm, Oliver"]
[Black "Schilay, Maria"]
[Result "1-0"]
[Termination "normal"]
[Board "22"]
[WhiteElo "1400"]
[BlackElo "1210"]
[PlyCount "105"]
[WhiteFideId "12999016"]
[BlackFideId "12942979"]
[EventCountry "GER"]
[EventRounds "9"]
[EventType "swiss"]
[EventDate "2016.05.14"]

1. d4 d5 2. Nf3 Nf6 3. e3 e6 4. Bd3 c5 5. c3 Nc6 6. Nbd2 Be7 7. O-O O-O 8. e4
c4 9. Bc2 b5 10. e5 Nd7 11. Ne1 f5 12. f4 Bb7 13. Qh5 Qe8 14. Qh3 Rf7 15. g4 g6
16. g5 Bf8 17. Qg3 Bg7 18. h4 Nf8 19. Rf2 Rc7 20. Rh2 a5 21. Qh3 b4 22. Bd1 a4
23. h5 Rcc8 24. hxg6 Qxg6 25. Bh5 Qe8 26. Bxe8 Rxe8 27. Nef3 Ne7 28. g6 Nexg6
29. Ng5 h6 30. Ngf3 Nxf4 31. Qg3 N4g6 32. Nf1 bxc3 33. bxc3 Kf7 34. Bxh6 Bh8
35. Rg2 Bg7 36. Bxg7 Kxg7 37. Nh4 Kf7 38. Nxg6 Nxg6 39. Qxg6+ Ke7 40. Qf6+ Kd7
41. Rg7+ Kc8 42. Qf7 Re7 43. Rg8+ Kd7 44. Qg6 Rxg8 45. Qxg8 Re8 46. Qf7+ Re7
47. Qf6 Re8 48. Rb1 Rg8+ 49. Kf2 Bc6 50. Qf7+ Kc8 51. Qxg8+ Kd7 52. Rb8 Ke7 53.
Qg7# 1-0

[Event "ODJM B 2016"]
[Site "Willingen GER"]
[Date "2016.05.21"]
[Round "9"]
[White "Klühs, Isabel"]
[Black "Ponomarev, Maximilian"]
[Result "0-1"]
[Termination "normal"]
[Board "23"]
[WhiteElo "919"]
[BlackElo "1554"]
[PlyCount "162"]
[WhiteFideId "16228944"]
[BlackFideId "16216768"]
[EventCountry "GER"]
[EventRounds "9"]
[EventType "swiss"]
[EventDate "2016.05.14"]

1. d4 d5 2. Nf3 Nf6 3. e3 Bg4 4. Bd3 e6 5. Nbd2 c5 6. c3 Nc6 7. e4 cxd4 8. h3
Bxf3 9. Qxf3 dxc3 10. bxc3 Be7 11. O-O dxe4 12. Nxe4 Ne5 13. Bb5+ Nfd7 14.
Bxd7+ Qxd7 15. Qe2 Qd3 16. Qxd3 Nxd3 17. Rd1 Nxc1 18. Raxc1 O-O 19. Rd7 Ba3 20.
Rb1 b6 21. Rb3 Bc1 22. c4 Rfd8 23. Rxd8+ Rxd8 24. Rc3 Bd2 25. Nxd2 Rxd2 26. Ra3
Rd7 27. Rc3 Rc7 28. Ra3 g6 29. g3 Kf8 30. Kg2 Ke7 31. g4 h6 32. h4 a5 33. Ra4
Kd6 34. f3 Kc5 35. g5 h5 36. Kg3 Kd4 37. c5+ Kxc5 38. Re4 Rd7 39. Re5+ Rd5 40.
Re3 Kd6 41. f4 b5 42. Rf3 a4 43. a3 Rd4 44. Rc3 Kd7 45. Kf3 b4 46. axb4 Rxb4
47. Rd3+ Ke7 48. Ke2 Rxf4 49. Rh3 Rb4 50. Rh1 a3 51. Kd3 Ra4 52. Kc3 a2 53. Ra1
Rxh4 54. Rxa2 Rh3+ 55. Kd4 Rg3 56. Ra7+ Kf8 57. Ra8+ Kg7 58. Ra5 Rf3 59. Ra2 h4
60. Rh2 Rf5 61. Rxh4 Rxg5 62. Ke4 Ra5 63. Kf3 Ra3+ 64. Ke2 g5 65. Rg4 Kg6 66.
Rg1 e5 67. Re1 f6 68. Kf2 Ra2+ 69. Kf3 Kf5 70. Rf1 Ra4 71. Ke3+ Rf4 72. Ke2
Rxf1 73. Kxf1 Kf4 74. Kf2 e4 75. Ke2 g4 76. Kf2 f5 77. Kf1 Kf3 78. Kg1 g3 79.
Kf1 e3 80. Ke1 g2 81. Kd1 g1=Q+ 0-1

[Event "ODJM B 2016"]
[Site "Willingen GER"]
[Date "2016.05.21"]
[Round "9"]
[White "Borgmann, Simon"]
[Black "Klugstedt, Vincent"]
[Result "1/2-1/2"]
[Termination "normal"]
[Board "24"]
[WhiteElo "1318"]
[BlackElo "1281"]
[PlyCount "43"]
[WhiteFideId "16234677"]
[BlackFideId "16216393"]
[EventCountry "GER"]
[EventRounds "9"]
[EventType "swiss"]
[EventDate "2016.05.14"]

1. e4 c5 2. Nf3 Nc6 3. d4 cxd4 4. Nxd4 g6 5. c4 Bg7 6. Be3 Nf6 7. f3 O-O 8. Nc3
d6 9. Be2 Bd7 10. O-O Qc7 11. Qd2 Nxd4 12. Bxd4 a6 13. Nd5 Nxd5 14. cxd5 Bxd4+
15. Qxd4 Rfc8 16. Rfc1 Qxc1+ 17. Rxc1 Rxc1+ 18. Kf2 Rac8 19. b3 R1c2 20. Ke1
Rc1+ 21. Kf2 R1c2 22. Ke1 1/2-1/2

[Event "ODJM B 2016"]
[Site "Willingen GER"]
[Date "2016.05.21"]
[Round "9"]
[White "Arndt, Lena"]
[Black "Kreitmeier, Anika"]
[Result "0-1"]
[Termination "normal"]
[Board "25"]
[WhiteElo "1124"]
[BlackElo "1310"]
[PlyCount "54"]
[WhiteFideId "16262476"]
[BlackFideId "12991775"]
[EventCountry "GER"]
[EventRounds "9"]
[EventType "swiss"]
[EventDate "2016.05.14"]

1. e4 e6 2. d4 d5 3. e5 c5 4. c3 Nc6 5. Nf3 cxd4 6. cxd4 f6 7. Be2 Bd7 8. O-O
Qb6 9. Nc3 O-O-O 10. Na4 Qc7 11. Be3 Kb8 12. Rc1 Rc8 13. a3 Qd8 14. b4 h6 15.
Bf4 g5 16. exf6+ gxf4 17. f7 Nf6 18. Qd2 Bd6 19. Rc2 Qf8 20. b5 Nd8 21. Rxc8+
Bxc8 22. Ne5 Qg7 23. Nc5 Nxf7 24. Nxf7 Qxf7 25. a4 Rg8 26. Nd3 Ne4 27. Qc1 f3
0-1

[Event "ODJM B 2016"]
[Site "Willingen GER"]
[Date "2016.05.21"]
[Round "9"]
[White "Reuter, Max"]
[Black "Bünte, Judith"]
[Result "0-1"]
[Termination "normal"]
[Board "26"]
[WhiteElo "1268"]
[BlackElo "1468"]
[PlyCount "76"]
[WhiteFideId "16263715"]
[BlackFideId "16222342"]
[EventCountry "GER"]
[EventRounds "9"]
[EventType "swiss"]
[EventDate "2016.05.14"]

1. e4 e5 2. Nf3 Nc6 3. Bc4 Nf6 4. Ng5 Nxe4 5. Nxf7 Qh4 6. g3 Nxg3 7. Qf3 Qxc4
8. Nxh8 Nxh1 9. d3 Qg8 10. Qxh1 Qxh8 11. Nc3 Qg8 12. Bd2 d6 13. O-O-O Be6 14.
a3 O-O-O 15. f4 Be7 16. Rf1 Rf8 17. Ne2 exf4 18. Nxf4 Bg5 19. Nxe6 Rxf1+ 20.
Qxf1 Bxd2+ 21. Kxd2 Qxe6 22. Qf8+ Nd8 23. Qxg7 Qf7 24. Qg1 Qf4+ 25. Kc3 Qe5+
26. Kb3 Qd5+ 27. Kc3 Qc5+ 28. Qxc5 dxc5 29. Kd2 Kd7 30. Ke3 Ke6 31. c4 Nc6 32.
h4 Kf5 33. h5 Kg5 34. Ke4 Kxh5 35. Kd5 Kg4 36. Kxc5 h5 37. d4 h4 38. d5 Nd8 0-1

[Event "ODJM B 2016"]
[Site "Willingen GER"]
[Date "2016.05.21"]
[Round "9"]
[White "Jacoby, Angelina"]
[Black "Zimmer, Claudius"]
[Result "1-0"]
[Termination "normal"]
[Board "27"]
[WhiteElo "1240"]
[BlackElo "1395"]
[PlyCount "43"]
[WhiteFideId "12999008"]
[EventCountry "GER"]
[EventRounds "9"]
[EventType "swiss"]
[EventDate "2016.05.14"]

1. d4 d5 2. Nf3 e6 3. e3 Nf6 4. Bd3 c5 5. c3 Nc6 6. Nbd2 Bd6 7. O-O O-O 8. e4
Qc7 9. e5 Nxe5 10. dxe5 Bxe5 11. Nxe5 Qxe5 12. Nf3 Qd6 13. Re1 Re8 14. Ne5 b6
15. Qf3 Rf8 16. Bf4 Qe7 17. Bg5 Re8 18. Ng4 Kf8 19. Nxf6 gxf6 20. Bh6+ Kg8 21.
Qg4+ Kh8 22. Qg7# 1-0

[Event "ODJM B 2016"]
[Site "Willingen GER"]
[Date "2016.05.21"]
[Round "9"]
[White "Stork, Christopher"]
[Black "Schirrmeister, Laura"]
[Result "1-0"]
[Termination "normal"]
[Board "28"]
[WhiteElo "1654"]
[BlackElo "1351"]
[PlyCount "101"]
[WhiteFideId "16215400"]
[BlackFideId "24694967"]
[EventCountry "GER"]
[EventRounds "9"]
[EventType "swiss"]
[EventDate "2016.05.14"]

1. e4 e6 2. d4 d5 3. Nc3 dxe4 4. Nxe4 Nd7 5. Nf3 Ngf6 6. Bd3 Nxe4 7. Bxe4 Nf6
8. Qe2 Bd6 9. O-O O-O 10. Rd1 Rb8 11. Bg5 b6 12. c3 Qe7 13. Qc2 h6 14. Bh4 c5
15. Ne5 Bb7 16. Bxf6 gxf6 17. Nf3 Bxe4 18. Qxe4 f5 19. Qe2 Kh7 20. Rd3 Rg8 21.
g3 Rg7 22. Ne5 Qh4 23. Nxf7 Qe7 24. Nxd6 Qxd6 25. dxc5 Qxc5 26. Qxe6 Rbg8 27.
Qe3 Qc7 28. Rad1 f4 29. Qe4+ Kh8 30. Qe6 Rg6 31. Qd7 Qb8 32. Rd6 fxg3 33. Rxg6
gxh2+ 34. Kh1 Rxg6 35. Qd8+ Qxd8 36. Rxd8+ Kh7 37. Kxh2 a5 38. Rd3 Kg7 39. Rg3
Rxg3 40. Kxg3 Kf6 41. Kg4 Kg6 42. a4 h5+ 43. Kf4 Kf6 44. b4 Ke6 45. Kg5 Kd5 46.
Kxh5 Kc4 47. f4 axb4 48. cxb4 Kxb4 49. f5 Kc5 50. f6 Kd6 51. Kg6 1-0

[Event "ODJM B 2016"]
[Site "Willingen GER"]
[Date "2016.05.21"]
[Round "9"]
[White "Unbehend, Marius"]
[Black "Brunner, Alexander"]
[Result "1-0"]
[Termination "normal"]
[Board "30"]
[WhiteElo "1311"]
[BlackElo "1246"]
[PlyCount "55"]
[WhiteFideId "16214420"]
[BlackFideId "12965278"]
[EventCountry "GER"]
[EventRounds "9"]
[EventType "swiss"]
[EventDate "2016.05.14"]

1. e4 d5 2. exd5 Qxd5 3. Nc3 Qa5 4. d4 Nf6 5. Bc4 Bg4 6. f3 Bf5 7. Qe2 Nc6 8.
Be3 O-O-O 9. O-O-O e6 10. g4 Bg6 11. h4 h5 12. g5 Nd7 13. d5 Nb4 14. dxe6 fxe6
15. Bxe6 Bd6 16. Bb3 Rhe8 17. Qf2 Bg3 18. Qxg3 Rxe3 19. Nh3 Qf5 20. Nd5 Nxd5
21. Rxd5 Qxf3 22. Qxf3 Rxf3 23. Rd4 Nc5 24. Rxd8+ Kxd8 25. Bd5 Rf5 26. Rd1 Kc8
27. b4 Na4 28. Be6+ 1-0

[Event "ODJM B 2016"]
[Site "Willingen GER"]
[Date "2016.05.21"]
[Round "9"]
[White "Kalina, Lena"]
[Black "Rockmann, Enno"]
[Result "1-0"]
[Termination "normal"]
[Board "31"]
[WhiteElo "1410"]
[BlackElo "1414"]
[PlyCount "79"]
[WhiteFideId "12988014"]
[BlackFideId "12982920"]
[EventCountry "GER"]
[EventRounds "9"]
[EventType "swiss"]
[EventDate "2016.05.14"]

1. d4 c5 2. dxc5 e6 3. e4 Bxc5 4. Nc3 Nc6 5. Nf3 Nf6 6. Bc4 h6 7. Bf4 Qb6 8.
O-O Qxb2 9. Nb5 O-O 10. Rb1 Qxb1 11. Qxb1 a6 12. Nc7 Ra7 13. Qc1 b5 14. Bd3 Nh5
15. Bxh6 Rxc7 16. Qg5 g6 17. Qxc5 Rd8 18. Qg5 d5 19. g4 Ng7 20. Ne5 Nxe5 21.
Qxd8+ Ne8 22. Qxe8+ Kh7 23. Qf8 f5 24. gxf5 dxe4 25. fxg6+ Nxg6 26. Bxe4 Bb7
27. Qf3 Bxe4 28. Qxe4 Kxh6 29. Qxe6 a5 30. Qb6 Rc4 31. h3 Rh4 32. Kg2 Rh5 33.
f4 Kh7 34. Re1 Nxf4+ 35. Kf3 Ng6 36. Rg1 Rf5+ 37. Ke4 Rf4+ 38. Ke3 Ne7 39. Qxb5
Rb4 40. Qh5# 1-0

[Event "ODJM B 2016"]
[Site "Willingen GER"]
[Date "2016.05.21"]
[Round "9"]
[White "Lohrmann, Linus"]
[Black "Roth, Ludwig"]
[Result "0-1"]
[Termination "normal"]
[Board "32"]
[WhiteElo "1036"]
[BlackElo "1291"]
[PlyCount "122"]
[WhiteFideId "12982857"]
[BlackFideId "12952621"]
[EventCountry "GER"]
[EventRounds "9"]
[EventType "swiss"]
[EventDate "2016.05.14"]

1. e4 d6 2. Nf3 Nf6 3. Nc3 g6 4. Bc4 Bg7 5. d3 O-O 6. Bg5 Bg4 7. Bxf6 Bxf6 8.
h3 Bd7 9. O-O Nc6 10. Qd2 Na5 11. Nd5 Bxb2 12. Rab1 Nxc4 13. dxc4 Bg7 14. Rxb7
Bc6 15. Rbb1 e6 16. Nc3 Bxc3 17. Qxc3 Bxe4 18. Nd2 Bc6 19. Ne4 Bxe4 20. f3 Bc6
21. c5 d5 22. Qe5 Qd7 23. Rfd1 Rab8 24. Rxb8 Rxb8 25. h4 Rb5 26. h5 Rxc5 27. h6
f6 28. Qxf6 Qf7 29. Qd8+ Be8 30. Qb8 Rxc2 31. Qxa7 Qe7 32. a4 Qc5+ 33. Qxc5
Rxc5 34. Ra1 Ra5 35. Rc1 c5 36. Re1 Kf7 37. Rc1 Bxa4 38. Ra1 Ke7 39. Kf2 Kd6
40. Ke3 d4+ 41. Ke4 Bc2+ 42. Kf4 Rxa1 43. g4 Rg1 44. Kg5 Bf5 45. Kf4 Bxg4 46.
fxg4 Rxg4+ 47. Kxg4 Ke5 48. Kf3 c4 49. Ke2 Ke4 50. Kd2 d3 51. Kd1 Ke3 52. Ke1
d2+ 53. Kd1 c3 54. Kc2 Ke2 55. Kxc3 d1=Q 56. Kc4 Qd3+ 57. Kb4 Ke3 58. Ka4 Qb1
59. Ka3 Kd4 60. Ka4 Kc4 61. Ka5 Qb5# 0-1

[Event "ODJM B 2016"]
[Site "Willingen GER"]
[Date "2016.05.21"]
[Round "9"]
[White "Bardorz, Stefan"]
[Black "Abicht, Aruna Sophia"]
[Result "1-0"]
[Termination "normal"]
[Board "33"]
[WhiteElo "1283"]
[BlackElo "1060"]
[PlyCount "53"]
[WhiteFideId "16245474"]
[EventCountry "GER"]
[EventRounds "9"]
[EventType "swiss"]
[EventDate "2016.05.14"]

1. e4 e5 2. Nf3 Nc6 3. d4 exd4 4. Nxd4 Bc5 5. Be3 Qf6 6. c3 Nge7 7. Bc4 Bb6 8.
O-O Qg6 9. Nd2 d6 10. Kh1 Bd7 11. Qc2 O-O 12. N2f3 Ne5 13. Nxe5 dxe5 14. Nf3
Bxe3 15. Nxe5 Qd6 16. Nxd7 Qxd7 17. fxe3 Qc6 18. Qb3 Qxe4 19. Rf4 Qxe3 20. Raf1
Qb6 21. Rxf7 Rxf7 22. Rxf7 Nc6 23. Qa3 h6 24. Rf8+ Kh7 25. Rxa8 Qf2 26. Qf8
Qe1+ 27. Qf1 1-0

[Event "ODJM B 2016"]
[Site "Willingen GER"]
[Date "2016.05.21"]
[Round "9"]
[White "Schiewe, Nadin"]
[Black "Arnold, Alexandria"]
[Result "1-0"]
[Termination "normal"]
[Board "34"]
[WhiteElo "1292"]
[BlackElo "1047"]
[PlyCount "81"]
[WhiteFideId "16209079"]
[BlackFideId "16205383"]
[EventCountry "GER"]
[EventRounds "9"]
[EventType "swiss"]
[EventDate "2016.05.14"]

1. f4 Nf6 2. d4 d5 3. e3 Bf5 4. Nf3 Nc6 5. a3 e6 6. Bd3 Ne4 7. O-O Bg4 8. Nbd2
Nd6 9. b3 Be7 10. Bb2 O-O 11. Be2 Nf5 12. Kf2 f6 13. h3 Bxf3 14. Nxf3 Bd6 15.
Qd3 Qd7 16. g4 Nh6 17. Rh1 e5 18. dxe5 fxe5 19. Qxd5+ Qf7 20. Qxf7+ Rxf7 21.
Bc4 exf4 22. Bxf7+ Nxf7 23. exf4 Bxf4 24. h4 Rf8 25. Rae1 Nfe5 26. Bxe5 Nxe5
27. Nxe5 Bd2+ 28. Kg3 Bxe1+ 29. Rxe1 Re8 30. Nf3 Rxe1 31. Nxe1 Kf7 32. Nf3 Kf6
33. Nd4 a6 34. Kf4 h6 35. g5+ hxg5+ 36. hxg5+ Kg6 37. c4 Kf7 38. c5 g6 39. Ke5
Ke7 40. c6 b6 41. Ne6 1-0

[Event "ODJM B 2016"]
[Site "Willingen GER"]
[Date "2016.05.21"]
[Round "9"]
[White "Funke, Maximilian"]
[Black "Burdot, Clara"]
[Result "1-0"]
[Termination "normal"]
[Board "35"]
[WhiteElo "1190"]
[BlackElo "921"]
[PlyCount "89"]
[WhiteFideId "16251989"]
[BlackFideId "4004779"]
[EventCountry "GER"]
[EventRounds "9"]
[EventType "swiss"]
[EventDate "2016.05.14"]

1. d4 d5 2. c4 c6 3. Nc3 Nf6 4. Nf3 dxc4 5. h3 Bf5 6. Bf4 e6 7. a3 Bd6 8. Ne5
Qc7 9. e3 b5 10. a4 Ne4 11. Nxe4 Bxe4 12. Qd2 Qe7 13. Qc1 Bb4+ 14. Kd1 f6 15.
Ng4 h5 16. f3 hxg4 17. fxe4 gxh3 18. Qc2 O-O 19. Rxh3 e5 20. Bg3 exd4 21. exd4
Rd8 22. Bf2 c5 23. Bxc4+ bxc4 24. Qxc4+ Qf7 25. Rh8+ Kxh8 26. Qxf7 cxd4 27. Qb7
Nc6 28. Qxc6 Rac8 29. Qb5 Rb8 30. Qd3 Ba5 31. Rb1 Rb4 32. Be1 Rxa4 33. Qh3+ Kg8
34. Qb3+ Kf8 35. Qxa4 Bb6 36. Ke2 d3+ 37. Kd2 Rd4 38. Qa3+ Ke8 39. Bf2 Rd8 40.
Bxb6 axb6 41. Qa4+ Rd7 42. Rc1 Kd8 43. Qa8+ Ke7 44. Qa3+ Rd6 45. Rc6 1-0

[Event "ODJM B 2016"]
[Site "Willingen GER"]
[Date "2016.05.21"]
[Round "9"]
[White "Gloyer, Fabian"]
[Black "Rosenhain, Jonathan"]
[Result "1/2-1/2"]
[Termination "normal"]
[Board "36"]
[WhiteElo "1386"]
[BlackElo "1222"]
[PlyCount "88"]
[WhiteFideId "16205944"]
[BlackFideId "16212169"]
[EventCountry "GER"]
[EventRounds "9"]
[EventType "swiss"]
[EventDate "2016.05.14"]

1. e4 e5 2. Nf3 Nc6 3. Bc4 Nf6 4. d3 Bc5 5. Bg5 h6 6. Bh4 Be7 7. c3 O-O 8. O-O
d5 9. Bxf6 Bxf6 10. Bxd5 Ne7 11. Bc4 Bg4 12. h3 Bh5 13. Re1 Ng6 14. g4 Nf4 15.
gxh5 Nxh3+ 16. Kf1 Bh4 17. Nxh4 Qxh4 18. Qf3 Nf4 19. Re3 Rad8 20. Ke1 Qh2 21.
Kd2 Ng2 22. Qg3 Nxe3 23. Qxe3 Qf4 24. Qxf4 exf4 25. Na3 a6 26. Nc2 Rfe8 27. f3
Re5 28. Rh1 Kf8 29. Nd4 c5 30. Nf5 b5 31. Bd5 Rxf5 32. exf5 Rxd5 33. f6 gxf6
34. Rh4 Rf5 35. a3 Ke7 36. b4 cxb4 37. axb4 Kd6 38. c4 Ke5 39. c5 Kd5 40. Kc3
Kc6 41. Kd4 Rd5+ 42. Kc3 a5 43. bxa5 Kxc5 44. Rxf4 Rxh5 1/2-1/2

[Event "ODJM B 2016"]
[Site "Willingen GER"]
[Date "2016.05.21"]
[Round "9"]
[White "Feil, Alexander"]
[Black "Winterberg, Martin"]
[Result "0-1"]
[Termination "normal"]
[Board "37"]
[WhiteElo "1371"]
[BlackElo "1046"]
[PlyCount "112"]
[WhiteFideId "4002954"]
[BlackFideId "16245091"]
[EventCountry "GER"]
[EventRounds "9"]
[EventType "swiss"]
[EventDate "2016.05.14"]

1. e4 e5 2. d4 exd4 3. c3 d5 4. exd5 Nf6 5. cxd4 Bb4+ 6. Bd2 Bxd2+ 7. Nxd2 O-O
8. Ngf3 Re8+ 9. Be2 Nxd5 10. O-O Bf5 11. Bc4 Nc6 12. Nb3 Ncb4 13. a3 Nc2 14.
Rc1 Nce3 15. fxe3 Nxe3 16. Qe2 Nxf1 17. Qxf1 Qf6 18. Ne5 Re7 19. Nxf7 Rxf7 20.
Bxf7+ Qxf7 21. Qc4 Be6 22. Qxc7 Bxb3 23. Qc8+ Rxc8 24. Rxc8+ Qf8 25. Rxf8+ Kxf8
26. Kf2 Kf7 27. Ke3 Bd5 28. g3 Kf6 29. Kf4 g5+ 30. Ke3 Kf5 31. h3 h5 32. b4 Bb3
33. Kf3 b6 34. g4+ hxg4+ 35. hxg4+ Ke6 36. Ke4 Bd1 37. d5+ Kd6 38. Kf5 Kxd5 39.
Kxg5 Kc4 40. Kf5 Kb3 41. g5 Kxa3 42. Kf6 Kxb4 43. g6 Bb3 44. g7 a5 45. Ke5 a4
46. Kd4 a3 47. Kd3 a2 48. g8=Q Bxg8 49. Kc2 a1=Q 50. Kd2 Qc3+ 51. Kd1 Qb2 52.
Ke1 Kc3 53. Kf1 Kd3 54. Kg1 Ke3 55. Kh1 Kf3 56. Kg1 Qg2# 0-1

[Event "ODJM B 2016"]
[Site "Willingen GER"]
[Date "2016.05.21"]
[Round "9"]
[White "Kobald, Pierre"]
[Black "Lorenz, Keana"]
[Result "1-0"]
[Termination "normal"]
[Board "38"]
[WhiteElo "1241"]
[BlackElo "1037"]
[PlyCount "67"]
[WhiteFideId "12983659"]
[BlackFideId "12990248"]
[EventCountry "GER"]
[EventRounds "9"]
[EventType "swiss"]
[EventDate "2016.05.14"]

1. e4 c5 2. Nc3 Nc6 3. Bb5 g6 4. Bxc6 bxc6 5. Nf3 Bg7 6. d3 d6 7. h3 Nf6 8. O-O
O-O 9. Qe1 d5 10. Ng5 h6 11. Nf3 d4 12. Na4 Nd7 13. Nh4 e6 14. f4 Ba6 15. Nf3
c4 16. Qg3 cxd3 17. cxd3 Bxd3 18. Re1 Bb5 19. b3 d3 20. Rb1 Nb6 21. Nxb6 axb6
22. a4 Ba6 23. Be3 Bc3 24. Bd2 Bg7 25. Rf1 b5 26. axb5 Qb6+ 27. Kh1 Bxb5 28. f5
exf5 29. exf5 Rfd8 30. fxg6 fxg6 31. Bxh6 Bxh6 32. Qxg6+ Bg7 33. Ng5 d2 34.
Qh7# 1-0

[Event "ODJM B 2016"]
[Site "Willingen GER"]
[Date "2016.05.21"]
[Round "9"]
[White "Beyer, Clemens"]
[Black "Gehrke, Korbinian"]
[Result "1-0"]
[Termination "normal"]
[Board "39"]
[WhiteElo "1028"]
[BlackElo "1234"]
[PlyCount "91"]
[WhiteFideId "16245407"]
[BlackFideId "12993913"]
[EventCountry "GER"]
[EventRounds "9"]
[EventType "swiss"]
[EventDate "2016.05.14"]

1. d4 d5 2. Nf3 Nf6 3. e3 Bf5 4. Bd3 Bg4 5. Nbd2 e6 6. O-O Bd6 7. Re1 e5 8.
dxe5 Bxe5 9. e4 d4 10. Be2 Bxf3 11. Nxf3 Nc6 12. Bb5 Ng4 13. h3 Bh2+ 14. Nxh2
Nxh2 15. Kxh2 Qd6+ 16. Kg1 O-O 17. Bxc6 Qxc6 18. Qxd4 Qxc2 19. Qc3 Qa4 20. Qg3
Qc6 21. Bf4 Rfe8 22. Qe3 f5 23. e5 Re6 24. Qb3 Kf8 25. Rac1 Qd7 26. Qc3 Rc6 27.
Qb4+ Kg8 28. Qxb7 Re8 29. Qxc6 Qe7 30. Qxc7 Qf8 31. e6 Ra8 32. Qc4 Qe8 33. e7+
Kh8 34. Qe6 h6 35. Qxf5 a5 36. Qg4 Qa4 37. Be5 Qxg4 38. hxg4 Re8 39. Bc3 Kg8
40. Bxa5 Kf7 41. Bb4 g5 42. Rcd1 Rb8 43. Rd8 Rxb4 44. e8=Q+ Kf6 45. Re6+ Kg7
46. Rd7# 1-0

[Event "ODJM B 2016"]
[Site "Willingen GER"]
[Date "2016.05.21"]
[Round "9"]
[White "Ott, Linda"]
[Black "Burdot, Louis"]
[Result "0-1"]
[Termination "normal"]
[Board "40"]
[WhiteElo "1057"]
[BlackElo "1214"]
[PlyCount "48"]
[WhiteFideId "12992453"]
[BlackFideId "4004760"]
[EventCountry "GER"]
[EventRounds "9"]
[EventType "swiss"]
[EventDate "2016.05.14"]

1. e4 d5 2. Nc3 d4 3. Nce2 e5 4. Ng3 Bd6 5. Bc4 Nc6 6. d3 Nf6 7. Nf3 Na5 8. O-O
Nxc4 9. dxc4 Be6 10. Ng5 Bxc4 11. Re1 h6 12. Nf3 Qd7 13. b3 Ba6 14. c4 dxc3 15.
Qc2 Qc6 16. Nf5 g6 17. Nxd6+ cxd6 18. Re3 Rc8 19. Ba3 Ng4 20. Rd3 Bxd3 21. Qxd3
O-O 22. Bxd6 Rfd8 23. Rd1 Qb6 24. h3 Nxf2 0-1

[Event "ODJM B 2016"]
[Site "Willingen GER"]
[Date "2016.05.21"]
[Round "9"]
[White "Reuker, Ronja"]
[Black "Wagner, Margarethe"]
[Result "0-1"]
[Termination "normal"]
[Board "41"]
[WhiteElo "1132"]
[BlackElo "1036"]
[PlyCount "138"]
[WhiteFideId "12947172"]
[BlackFideId "16236947"]
[EventCountry "GER"]
[EventRounds "9"]
[EventType "swiss"]
[EventDate "2016.05.14"]

1. e4 c5 2. Nf3 Nc6 3. d4 cxd4 4. Nxd4 Nf6 5. Nc3 e5 6. Nf3 Bb4 7. Bd2 O-O 8.
Bd3 d6 9. O-O Bg4 10. h3 Bh5 11. Re1 Nd4 12. Re3 Nxf3+ 13. Rxf3 Bxf3 14. Qxf3
Bxc3 15. Bxc3 Re8 16. Qg3 Nh5 17. Qg4 Nf4 18. Bd2 Nxd3 19. cxd3 Qf6 20. Rc1 Qe6
21. Qxe6 Rxe6 22. Rc7 b6 23. Rd7 a5 24. Rb7 Ree8 25. Rxb6 Reb8 26. Rxb8+ Rxb8
27. b3 Ra8 28. a3 a4 29. bxa4 Rxa4 30. Bb4 f6 31. f3 Kf7 32. Kf2 Ke6 33. Ke3 d5
34. d4 f5 35. dxe5 Kxe5 36. f4+ Ke6 37. exf5+ Kxf5 38. g4+ Ke6 39. Kd4 g6 40.
f5+ gxf5 41. gxf5+ Kxf5 42. Kxd5 Ra8 43. h4 Kg4 44. Be7 Ra7 45. Ke6 h5 46. Kf7
Rb7 47. Ke6 Rb6+ 48. Ke5 Rb7 49. Ke6 Kh3 50. Kf7 Kg4 51. Ke6 Ra7 52. Kf7 Kf5
53. Kf8 Ke6 54. Bb4 Kf6 55. Ke8 Ke6 56. Kf8 Rf7+ 57. Ke8 Rb7 58. Kf8 Rf7+ 59.
Ke8 Rf4 60. Be7 Ra4 61. Bg5 Ra8+ 62. Bd8 Rxa3 63. Bg5 Ra8+ 64. Bd8 Rxd8+ 65.
Kxd8 Kf5 66. Ke7 Kg4 67. Kf6 Kxh4 68. Kf5 Kg3 69. Ke4 h4 0-1

[Event "ODJM B 2016"]
[Site "Willingen GER"]
[Date "2016.05.21"]
[Round "9"]
[White "Maul, Maik"]
[Black "Toma, Yanis"]
[Result "1-0"]
[Termination "normal"]
[Board "42"]
[WhiteElo "1354"]
[BlackElo "1319"]
[PlyCount "83"]
[WhiteFideId "16204816"]
[BlackFideId "16215460"]
[EventCountry "GER"]
[EventRounds "9"]
[EventType "swiss"]
[EventDate "2016.05.14"]

1. d4 d5 2. e3 e6 3. Bd3 c5 4. c3 c4 5. Bc2 Nf6 6. f4 Be7 7. Nf3 Ng4 8. O-O Nc6
9. Bd2 Bh4 10. Be1 Be7 11. h3 Nxe3 12. Qe2 Nxf1 13. Qxf1 Qc7 14. Ne5 Bd6 15.
Bd1 f6 16. Nxc6 bxc6 17. g3 Qb8 18. b3 Ba6 19. b4 Qc7 20. Qe2 Qe7 21. Ba4 Bb5
22. Bxb5 cxb5 23. Na3 a6 24. Bd2 e5 25. Re1 O-O-O 26. fxe5 Rde8 27. Qg4+ Kb8
28. exd6 Qf7 29. Rxe8+ Rxe8 30. Bf4 Kb7 31. h4 h5 32. Qf3 g5 33. Bd2 gxh4 34.
gxh4 Rd8 35. Bf4 Qg6+ 36. Kf1 Qe4 37. Qxe4 dxe4 38. Ke2 f5 39. Nc2 Kc6 40. Ne3
Kd7 41. Nd5 Kc8 42. Ke3 1-0

[Event "ODJM B 2016"]
[Site "Willingen GER"]
[Date "2016.05.21"]
[Round "9"]
[White "Gehrke, Jakob"]
[Black "Strohschneider, Leon"]
[Result "1/2-1/2"]
[Termination "normal"]
[Board "43"]
[WhiteElo "1303"]
[BlackElo "996"]
[PlyCount "150"]
[WhiteFideId "12993905"]
[BlackFideId "16211634"]
[EventCountry "GER"]
[EventRounds "9"]
[EventType "swiss"]
[EventDate "2016.05.14"]

1. e4 c5 2. Nf3 d6 3. c3 Nf6 4. Be2 g6 5. d3 Bg7 6. Bf4 Nc6 7. Nbd2 Bd7 8. d4
Nh5 9. Be3 O-O 10. dxc5 dxc5 11. Bxc5 b6 12. Bd4 Qc7 13. Bxg7 Nxg7 14. Ng5 Rad8
15. h4 Qf4 16. g3 Qf6 17. Nh3 Ne5 18. h5 Bxh3 19. Rxh3 h6 20. f4 Qe6 21. g4
Nxg4 22. Bxg4 Qf6 23. Qf3 g5 24. fxg5 Qxg5 25. O-O-O Rd6 26. Bf5 Qf6 27. Qg3
Rfd8 28. Rh2 Qg5 29. Qxg5 hxg5 30. h6 Nxf5 31. exf5 Kh7 32. Rg1 f6 33. Ne4 Rd5
34. Rf1 Re5 35. Re1 Rxf5 36. Nd2 e5 37. Re4 Rf4 38. Rxf4 gxf4 39. Kd1 f5 40.
Rh5 Kg6 41. Rh4 f3 42. Kc2 e4 43. h7 Rh8 44. Nf1 Rxh7 45. Rxh7 Kxh7 46. Kd2 Kg6
47. Ke3 Kg5 48. Nh2 Kh4 49. Nxf3+ exf3 50. Kxf3 Kg5 51. c4 Kf6 52. Kf4 Ke6 53.
b3 a6 54. a3 Kf6 55. b4 Ke6 56. a4 Kf6 57. b5 axb5 58. axb5 Ke6 59. c5 bxc5 60.
b6 Kd7 61. b7 Kc7 62. b8=Q+ Kxb8 63. Kxf5 Kb7 64. Ke4 Kb6 65. Kd3 Kc6 66. Kc4
Kb6 67. Kc3 Kb5 68. Kb3 c4+ 69. Kc2 Kb4 70. Kb2 c3+ 71. Kc1 Kc4 72. Kc2 Kd4 73.
Kc1 Kd3 74. Kd1 c2+ 75. Kc1 Kc3 1/2-1/2

[Event "ODJM B 2016"]
[Site "Willingen GER"]
[Date "2016.05.21"]
[Round "9"]
[White "Rempe, Janne"]
[Black "Parma, Lea"]
[Result "1-0"]
[Termination "normal"]
[Board "44"]
[WhiteElo "948"]
[BlackElo "1170"]
[PlyCount "51"]
[WhiteFideId "16202392"]
[BlackFideId "16222377"]
[EventCountry "GER"]
[EventRounds "9"]
[EventType "swiss"]
[EventDate "2016.05.14"]

1. e4 e5 2. Nf3 Nc6 3. Nc3 Nf6 4. Bb5 g6 5. O-O a6 6. Bxc6 dxc6 7. Nxe5 Qd4 8.
Nf3 Qd8 9. d3 Bg7 10. e5 Nd5 11. Bg5 f6 12. exf6 Bxf6 13. Re1+ Kf7 14. Ne5+ Kg7
15. Bh6+ Kg8 16. Qf3 g5 17. Bxg5 Qf8 18. Nxd5 Bxg5 19. Qh5 cxd5 20. Qxg5+ Qg7
21. Qd8+ Qf8 22. Qxd5+ Kg7 23. Nd7 Bxd7 24. Qxd7+ Kh6 25. Re6+ Kh5 26. Qd5+ 1-0